ბათუმის შოთა რუსთაველის სახელმწიფო უნივერსიტეტის ბიბლიოთეკა

ხელოვნებას : (ბიბ.ჩანაწერი № 40298)

000 -ლიდერი
ფიქსირებული სიგრძის საკონტროლო ველი 01010nam a2200241Ia 4500
001 - საკონტროლო ნომერი
საკონტროლო ველი 6906
003 - საკონტროლო ნომრის იდენტიფიკატორი
საკონტროლო ველი GE_BSU
005 - ბოლო ოპერაციის თარიღი და დრო
საკონტროლო ველი 20200206151345.0
008 - ფიქსირებული სიგრძის მონაცემთა ელემენტები - ზოგადი ინფორმაცია
ფიქსირებული სიგრძის საკონტროლო ველი 181216s1979||||ge |||||||||||||| ||geo||
040 ## - კატალოგიზაციის წყარო
Transcribing agency GE_BSU
041 ## - ენის კოდი
Language code of text/sound track or separate title geo
080 ## - უნივერსალური ათობითი კლასიფიკაციის ინდექსი
Universal Decimal Classification number 821.353.1-1 გ-85
100 ## - მთავარი ჩანაწერი - პიროვნების სახელი
Personal name გრიშაშვილი, იოსებ.
9 (RLIN) 6813
245 ## - ცნობა სათაურის შესახებ
Title ხელოვნებას :
Remainder of title თეატრი, კინო, სიმღერა, ცეკვა /
Statement of responsibility, etc იოსებ გრიშაშვილი ; კრებული შეადგინა, წინასიტყვაობა და შენიშვნები დაურთო, გივი ჯაოშვილმა.
264 ## - წარმოების, გამოცემის, დისტრიბუციის და სხვა ცნობები
გამოცემის, წარმოების, დისტრიბუციის... ადგილი თბილისი :
გამოცემის, წარმოების, დისტრიბუციის... სახელწოდება ხელოვნება,
გამოცემის, წარმოების, დისტრიბუციის... თარიღი 1979.
300 ## - ფიზიკური აღწერა
Extent 134 გვ. ;
Dimensions 20 სმ.
653 ## - INDEX TERM--UNCONTROLLED
Uncontrolled term ხელოვნება
653 ## - INDEX TERM--UNCONTROLLED
Uncontrolled term თეატრი
653 ## - INDEX TERM--UNCONTROLLED
Uncontrolled term კინო
653 ## - INDEX TERM--UNCONTROLLED
Uncontrolled term სიმღერა
653 ## - INDEX TERM--UNCONTROLLED
Uncontrolled term ცეკვა
942 ## - ADDED ENTRY ELEMENTS (KOHA)
Koha item type წიგნი
Source of classification or shelving scheme
ეგზემპლარები
ჩამოწერის სტატუსი დაკარგული ეგზემპლარის სტატუსი კლასიფიკაციის წყარო ან თაროზე გაწყობის სქემა დაზიანების სტატუსი არ გაიცემა მუდმივი მდებარეობა (დაცვის ადგილი) ამჟამინდელი ადგილსამყოფელი თაროზე განთავსების ადგილი შეძენის თარიღი ღირებულება, შესყიდვის ნორმალური ფასი სრული შენახვის შიფრი შტრიხკოდი ბოლო ოპერაციის თარიღი ეგზემპლარის მიმდევრობითი ნომერი (კეტერი?) ფასის ძალაში შესვლის თარიღი ეგზემპლარის სახეობა საჯარო შენიშვნა
          ბათუმის შოთა რუსთაველის სახელმწიფო უნივერსიტეტის მთავარი ბიბლიოთეკა ბათუმის შოთა რუსთაველის სახელმწიფო უნივერსიტეტის მთავარი ბიბლიოთეკა წიგნსაცავი 2018-12-17 0.70 821.353.1-1 გ-85 14850 2018-12-17 14850 2018-12-17 წიგნი 0.70 ლ.
          ბათუმის შოთა რუსთაველის სახელმწიფო უნივერსიტეტის მთავარი ბიბლიოთეკა ბათუმის შოთა რუსთაველის სახელმწიფო უნივერსიტეტის მთავარი ბიბლიოთეკა წიგნსაცავი 2018-12-17 0.70 821.353.1-1 გ-85 14851 2018-12-17 14851 2018-12-17 წიგნი 0.70 ლ.
          ბათუმის შოთა რუსთაველის სახელმწიფო უნივერსიტეტის მთავარი ბიბლიოთეკა ბათუმის შოთა რუსთაველის სახელმწიფო უნივერსიტეტის მთავარი ბიბლიოთეკა წიგნსაცავი 2018-12-17 0.70 821.353.1-1 გ-85 14852 2018-12-17 14852 2018-12-17 წიგნი 0.70 ლ.